000
00238nam a22000857a 4500
008
160705b xxu||||| |||| 00| 0 eng d
100
_9
2159
_a
National Book Trust
245
_a
Festivals of India
260
_a
New Delhi
_b
National Book Trust
_c
2004
999
_c
1851
_d
1851